Detalles MARC
| 000 -LIDER |
| fixed length control field |
01231nam a2200337 a 4500 |
| 001 - NÚMERO DE CONTROL |
| Identificador de número de control |
|
| 003 - IDENTIFICACDOR DE NÚMERO DE CONTROL |
| control field |
DO-SdBNP |
| 005 - DATE AND TIME OF LATEST TRANSACTION |
| control field |
20220819133102.0 |
| 007 - CAMPOS FIJOS DE DESCRIPCIÓN FÍSICA |
| fixed length control field |
|
| 008 - ELEMENTOS DE LONGITUD FIJA |
| fixed length control field |
110217s1999 sp ac 000 0 spa d |
| 020 ## - ISBN |
| International Standard Book Number |
8483062003 |
| 040 ## - FUENTE DE CATALOGACIÓN |
| Agencia que crea de manera original el registro |
BPMSU |
| Idioma de catalogación |
spa |
| Agencia que realiza la transcripción |
BPMSU |
| 082 #4 - NÚMERO DE CLASIFICACIÓN DECIMAL DE DEWEY |
| Classification number |
R036.1 |
| Item number |
E56m |
| 245 00 - MENCIÓN DE TITULO |
| Título |
Enciclopedia milenio / |
| Mención de responsabilidad |
traducción Margarita Cavándoli, Juan Manuel Ibeas; editor general Jayne Parsons. |
| 260 ## - PUBLICACIÓN, DISTRIBUCIÓN, ETC. (PIE DE IMPRENTA) |
| Lugar de publicación, distribución, etc |
Madrid : |
| Nombre del editor, distribuidor, etc. |
Debate, |
| Fecha de publicación, distribución, etc |
1999 |
| 300 ## - DESCRIPCIÓN FÍSICA |
| Extensión |
3 v. : |
| Otros detalles físicos |
il., mapas, fotos |
| Dimensiones |
27 cm. |
| 500 ## - NOTA GENERAL |
| Nota general |
Obra de referencia para el siglo xxi |
| 500 ## - NOTA GENERAL |
| Nota general |
Resúmen de los principales acontecimientos del mundo ; p.192- |
| 505 0# - NOTA DE CONTENIDO |
| Texto normalizado de contenido |
v.1. Historia de la humanidad. -- v.2. La ciencia y el universo. --v.3 La naturaleza -- v.5. Atlas del mundo -- v.4 Pueblos y civilizaciones --. |
| 534 ## - NOTA SOBRE LA VERSIÓN ORIGINAL |
| Asiento principal del original |
Título original. |
| Mención del título original |
Millenium family encyclopedia. |
| 590 ## - NOTA LOCAL |
| Enlace |
Inventariado, 2022/VM |
| 650 #4 - ENCABEZAMIENTO DE MATERIA--TEMÁTICO |
| Término temático o nombre geográfico como elemento de entrada |
Enciclopedia y diccionarios |
| 650 #4 - ENCABEZAMIENTO DE MATERIA--TEMÁTICO |
| Término temático o nombre geográfico como elemento de entrada |
Naturaleza |
| Subdivisión de forma |
Enciclopedias. |
| 650 #4 - ENCABEZAMIENTO DE MATERIA--TEMÁTICO |
| Término temático o nombre geográfico como elemento de entrada |
Cosmogonía |
| Subdivisión de forma |
Enciclopedias. |
| 650 #4 - ENCABEZAMIENTO DE MATERIA--TEMÁTICO |
| Término temático o nombre geográfico como elemento de entrada |
Historia |
| Subdivisión de forma |
Enciclopedias. |
| 700 1# - ASIENTO SECUNDARIO -- NOMBRE PERSONAL |
| Nombre personal |
Cavándoli Menéndez, Margarita, |
| Mención de responsabilidad |
tr. |
| 700 1# - ASIENTO SECUNDARIO -- NOMBRE PERSONAL |
| Nombre personal |
aIbeas, Juan Manuel, |
| Mención de responsabilidad |
tr. |
| 710 2# - ASIENTO SECUNDARIO -- NOMBRE CORPORATIVO |
| Término de relación |
Debate |
| 910 ## - VALIDACIÓN |
| Validación |
VMateo V. |
| 942 ## - ADDED ENTRY ELEMENTS (KOHA) |
| Source of classification or shelving scheme |
Dewey Decimal Classification |
| Koha item type |
Libros |